000 00278nam a22001337a 4500
008 210514b ||||| |||| 00| 0 eng d
041 _aeng
080 _a91
082 _a91
100 _a42
101 _aGJEO
245 _aOur Changing Earth
_cCanby,Th.Y
942 _2udc
_cBK
999 _c57345
_d57345